Climate Change : impact on coastal habitation
Αποθηκεύτηκε σε:
| Άλλοι συγγραφείς: | |
|---|---|
| Μορφή: | Βιβλίο |
| Γλώσσα: | English |
| Δημοσίευση: |
Boca Raton :
Lewis Publishers,
c1995
|
| Θέματα: | |
| Ετικέτες: |
Προσθήκη ετικέτας
Δεν υπάρχουν, Καταχωρήστε ετικέτα πρώτοι!
|
MARC
| LEADER | 00000nam a2200000 i 4500 | ||
|---|---|---|---|
| 001 | 1/80057 | ||
| 008 | 990507s1995 eng d | ||
| 020 | |a 0-87371-301-X | ||
| 035 | |l 10050539 | ||
| 040 | |a GR-MY-UA |b gre |e aacr | ||
| 041 | 0 | |a eng | |
| 082 | 0 | |a 333.917 | |
| 245 | 1 | 0 | |a Climate Change : |b impact on coastal habitation / |c Edited by Doeke Eisma |
| 260 | |a Boca Raton : |b Lewis Publishers, |c c1995 | ||
| 300 | |a 260 p. |b fig.; tabl. | ||
| 504 | |a Includes bibliographical references and index | ||
| 650 | 0 | 0 | |a Environmental sciences. |
| 650 | 0 | 0 | |a Coastal ecology. |
| 650 | 0 | 0 | |a Marine ecology. |
| 650 | 0 | 0 | |a Climatic changes |x Environmental aspects. |
| 650 | 0 | 0 | |a Sea level |x Environmental aspects. |
| 700 | 1 | |a Eisma, D. |4 edt | |
| 852 | |a INST |b LESVOS |e 19990507 |h 333.917 CLI |p 005100016335 |q 005100016335 |t BK |y 0 | ||
| 901 | |a BIBL1-1999-2 | ||
| 909 | |a Λ |b 061706 | ||
| 922 | |a 1ΕΛΗ |b 199812 |c ΚΠΣ/ΤΓ |d ΠΑΠΑΣΩΤΗΡΙΟΥ | ||
| 950 | |a 118-1998-07-21 | ||